000 00344nam a22001457a 4500
020 _a978-0-19-806464-0
082 _a030
_bSOA/A
100 _aSOANES, CATHERINE
245 _aOXFORD A-Z OD SPELLING
250 _aFIRST EDITION
260 _aDELHI
_bOXFORD UNIVERSITY PRESS
_c2010
300 _a140
650 _aDICTIONARY
_zINDIA
942 _cBK
999 _c1750
_d1750